Diccionario de historia moderna /

Guardado en:
Autor Principal: Palmer, Alan W.
Formato: Libro
Publicado: Barcelona : Labor, 1971
Series:Dic. de la nueva colec. labor
Materias:
Etiquetas: Agregar Etiqueta
Sin Etiquetas, Sea el primero en etiquetar este registro!
LEADER 00504nam a22001815a 4500
001 CEM.cems004872
005 20060217000000.0
008 130507s1971##################000#0#####d
003 CEMS
082 0 4 |a 909.03 
100 1 |a Palmer, Alan W. 
245 1 0 |a Diccionario de historia moderna / 
260 |a Barcelona :  |b Labor,  |c 1971 
300 |a 279 
490 0 |a Dic. de la nueva colec. labor 
653 |a Historia 
653 |a Historia-diccionarios 
859 |a CEMS  |b BIB. CEMS - 11 de abril  |h 909.03  |i P182  |p 11040.82  |t Ej.1